Central Library OPAC University of Rajshahi

Approaches to child and family policy / (Record no. 60006)

MARC details
000 -LEADER
fixed length control field 01399nam a2200349 a 4500
001 - CONTROL NUMBER
control field 60006
003 - CONTROL NUMBER IDENTIFIER
rucl marc code BD-RjUL
005 - DATE AND TIME OF LATEST TRANSACTION
control field 20211209080808.0
008 - FIXED-LENGTH DATA ELEMENTS--GENERAL INFORMATION
fixed length control field 161228s1981 cou b 100 0 eng
020 ## - INTERNATIONAL STANDARD BOOK NUMBER
International Standard Book Number 0891589562
035 ## - SYSTEM CONTROL NUMBER
System control number (BD-RjUL) 60130
040 ## - CATALOGING SOURCE
Original cataloging agency BD-RjUL
Transcribing agency BD-RjUL
Modifying agency BD-RjUL
Language of cataloging eng
041 ## - LANGUAGE CODE
Language code of text/sound track or separate title eng
082 0# - DEWEY DECIMAL CLASSIFICATION NUMBER
Classification number 362.82
Edition number 23
Author mark and year APP 1981
245 00 - TITLE STATEMENT
Title Approaches to child and family policy /
Statement of responsibility, etc. edited by Harold C. Wallach.
260 ## - PUBLICATION, DISTRIBUTION, ETC. (IMPRINT)
Place of publication, distribution, etc. Boulder, Colo. :
Name of publisher, distributor, etc. Published by Westview Press for American Association for the Advancement of Science, Washington, D.C.,
Date of publication, distribution, etc. 1981.
300 ## - PHYSICAL DESCRIPTION
Pagination xii, 170 p. ;
Size 24 cm.
490 1# - SERIES STATEMENT
Series statement AAAS selected symposium ;
Volume/sequential designation 56
504 ## - BIBLIOGRAPHY, ETC. NOTE
Bibliography, etc Includes bibliographical references.
650 #0 - SUBJECT ADDED ENTRY--TOPICAL TERM
Topical term or geographic name as entry element Family policy
Geographic subdivision United States
General subdivision Congresses.
9 (RLIN) 178534
Topical term or geographic name as entry element Youth
General subdivision Government policy
Geographic subdivision United States
General subdivision Congresses.
9 (RLIN) 178535
Topical term or geographic name as entry element Child welfare
Geographic subdivision United States
General subdivision Congresses.
9 (RLIN) 178536
Topical term or geographic name as entry element Children
General subdivision Legal status, laws, etc.
Geographic subdivision United States
General subdivision Congresses.
9 (RLIN) 178537
Topical term or geographic name as entry element Adolescence
General subdivision congresses.
9 (RLIN) 178538
Topical term or geographic name as entry element Child Welfare
Geographic subdivision United States
General subdivision congresses.
9 (RLIN) 178539
Topical term or geographic name as entry element Family
General subdivision congresses.
9 (RLIN) 178540
Topical term or geographic name as entry element Policy Making
General subdivision congresses.
9 (RLIN) 178541
Topical term or geographic name as entry element Public Policy
Geographic subdivision United States
General subdivision congresses.
9 (RLIN) 178542
700 1# - ADDED ENTRY--PERSONAL NAME
Personal name Wallach, Harold C.
830 #0 - SERIES ADDED ENTRY--UNIFORM TITLE
Uniform title AAAS selected symposium ;
Volume number/sequential designation 56.
942 ## - ADDED ENTRY ELEMENTS (KOHA)
Source of classification or shelving scheme Dewey Decimal Classification
Koha item type Books
Holdings
Lost status Source of classification or shelving scheme Damaged status Not for loan Collection code Permanent Location Current Location Shelving location Date acquired Source of acquisition Total Checkouts Full call number Date last seen Copy number Koha item type
  Dewey Decimal Classification   Not For Loan Non-fiction Central Library, University of Rajshahi Central Library, University of Rajshahi Reading Room 16/06/2008 USA, Asia foundation   362.82 APP 1981 28/12/2016 C-1 Books